2023-24 NFL TE DEPTH CHART QUIZ - Statistics

General Stats
  • This quiz has been taken 170 times
    132 since last reset
  • The average score is 25 of 32
Answer Stats
Hint Answer % Correct
Buffalo Dawson Knox / Dalton Kincaid
97%
Baltimore Mark Andrews
97%
Atlanta Kyle Pitts
96%
Kansas City Travis Kelce
94%
New England Hunter Henry / Mike Gesicki
93%
San Francisco George Kittle
91%
Chicago Cole Kmet
89%
Philadelphia Dallas Goedert
89%
Minnesota T.J. Hockenson
88%
Arizona Zach Ertz
88%
Houston Dalton Schultz
86%
Detroit Sam LaPorta
86%
Cleveland David Njoku
85%
Los Angeles Rams Tyler Higbee
85%
New York Giants Darren Waller
83%
Jacksonville Evan Engram
83%
Pittsburgh Pat Freiermuth
81%
New Orleans Juwan Johnson / Foster Moreau / Taysom Hill
80%
Seattle Noah Fant / Will Dissly / Colby Parkinson
79%
Dallas Jake Ferguson
75%
New York Jets Tyler Conklin / C.J. Uzomah
73%
Tampa Bay Cade Otton
70%
Carolina Hayden Hurst
68%
Washington Logan Thomas
66%
Los Angeles Chargers Gerald Everett
64%
Green Bay Luke Musgrave
64%
Las Vegas Austin Hooper / Michael Mayer
63%
Cincinnati Irv Smith Jr.
62%
Indianapolis Kylen Granson / Mo Alie-Cox / Jelani Woods
61%
Tennessee Chigoziem Okonkwo
58%
Denver Adam Trautman / Greg Dulcich
53%
Miami Durham Smythe
46%
No matching quizzes found
Score Distribution
Percent of People with Each Score
Percentile by Number Answered
Your Score History
You have not taken this quiz since the last reset